000 00941nam a2200265 a 4500
001 000027507
003 DO-SdBNP
005 20240302073950.0
008 090819s1986 dr ac 000 0 spa d
040 _aDO-SdBNP
_bspa
_cBNPHU
082 4 _a330.97293
_bC343h, 1986
_222
100 1 _aCassá, Roberto,
_d1948-
_910888
245 1 0 _aHistoria social y económica de la República Dominicana /
_cRoberto Cassá.
250 _a8a. ed.
260 _aSanto Domingo :
_bAlfa & Omega,
_c1986.
300 _av. :
_bil., retrs. ;
_c27 cm.
500 _aLa biblioteca posee v. 2
504 _aBibliografía: p. 345-352
590 _aInventariado, 2018/ YL
651 4 _aRepública Dominicana
_xCondiciones económicas
_xHistoria
_91210
651 4 _aRepública Dominicana
_xCondiciones sociales
_xHistoria
_91211
651 4 _aRepública Dominicana
_xPoblación
_xHistoria
_91456
910 _aValidado. Control de calidad MFF
942 _2ddc
_cLBS1
999 _c26999
_d26999